| 000 | 00472nam a22001817a 4500 | ||
|---|---|---|---|
| 999 |
_c478453 _d478453 |
||
| 003 | NUST | ||
| 005 | 20180531045827.0 | ||
| 008 | 180531b ||||| |||| 00| 0 eng d | ||
| 020 | _a9781259064197 | ||
| 038 | _aSNS Library | ||
| 082 | _a515.4 | ||
| 100 |
_aVinay Kumar _910662 |
||
| 245 |
_aIntegral Calculus for _bJee Main & Advanced |
||
| 250 | _a2nd Ed. | ||
| 260 |
_aNew Delhi _bMc Graw Hill Education India _c2013 |
||
| 300 |
_a499 p. _bPb. |
||
| 942 |
_2ddc _cBK |
||